00359nam a2200145Ia 4500008004100000020001900041082000800060100001800068245004300086250000600129260002800135300001000163500002400173650001600197230524s9999 xx 000 0 und d a97881990691911 bSHA aSanjay Sharma 0aOp Amps and Linear Integrated Circuits a1 aNew DelhibKatsonc2016 a549p; aQuantity Number: 1 aElectronics